Các tội xâm phạm tính mạng, sức khỏe, nhân phẩm, danh dự của con người (Sách tham khảo)
Sách gồm 2 chương. Chương 1 : quá trình hình thành và phát triển của các quy phạm pháp luật hình sự Việt Nam về các tội xâm phạm tính mạng, sức khỏe, nhân phẩm, danh dự của con người; Chương 2: Dấu hiệu pháp lý của các tội xâm phạm phạm t...
Na minha lista:
| Autor principal: | |
|---|---|
| Formato: | Livro |
| Idioma: | Undetermined |
| Publicado em: |
Hà Nội
Chính trị Quốc Gia
2000
|
| Assuntos: | |
| Tags: |
Adicionar Tag
Sem tags, seja o primeiro a adicionar uma tag!
|
| Thư viện lưu trữ: | Trung tâm Học liệu Trường Đại học Cần Thơ |
|---|
| LEADER | 01167nam a2200229Ia 4500 | ||
|---|---|---|---|
| 001 | CTU_40702 | ||
| 008 | 210402s9999 xx 000 0 und d | ||
| 020 | |c 20000 | ||
| 082 | |a 345.597 | ||
| 082 | |b L527 | ||
| 100 | |a Trần, Văn Luyện | ||
| 245 | 0 | |a Các tội xâm phạm tính mạng, sức khỏe, nhân phẩm, danh dự của con người | |
| 245 | 0 | |b (Sách tham khảo) | |
| 245 | 0 | |c Trần Văn Luyện | |
| 260 | |a Hà Nội | ||
| 260 | |b Chính trị Quốc Gia | ||
| 260 | |c 2000 | ||
| 520 | |a Sách gồm 2 chương. Chương 1 : quá trình hình thành và phát triển của các quy phạm pháp luật hình sự Việt Nam về các tội xâm phạm tính mạng, sức khỏe, nhân phẩm, danh dự của con người; Chương 2: Dấu hiệu pháp lý của các tội xâm phạm phạm tính mạng, sức khỏe, nhân phẩm, danh dự của con người | ||
| 650 | |a Criminal law,Victims of crimes | ||
| 650 | |z Vietnam | ||
| 904 | |i Minh, 010326 (Nguyên sửa) | ||
| 980 | |a Trung tâm Học liệu Trường Đại học Cần Thơ | ||